[Event "EU-ch (Women) 24th"]
[Site "Rhodes"]
[Date "2024.04.23"]
[Round "5"]
[White "Hajiyeva, Laman"]
[Black "Grapsa, Georgia"]
[Result "1/2-1/2"]
[WhiteElo "2114"]
[BlackElo "1920"]
[PlyCount "55"]
[EventDate "2024.04.19"]
[EventType "swiss"]
[EventRounds "10"]
[EventCountry "GRE"]
[SourceTitle "CB18_2024"]
[SourceDate "2024.05.01"]
[SourceVersion "1"]
[SourceVersionDate "2024.05.01"]
[SourceQuality "2"]

1. e4 c6 2. d4 d5 3. exd5 cxd5 4. Bd3 Nc6 5. c3 Qc7 6. Na3 a6 7. Nc2 e5 8. dxe5 Nxe5 9. Nf3 Bd6 10. Be2 Ne7 11. h3 0-0 12. 0-0 Bd7 13. Nxe5 Bxe5 14. Bg5 f6 15. Be3 Rfe8 16. a4 Nf5 17. Qxd5+ Kh8 18. Qc4 Bc6 19. Bf3 Bh2+ 20. Kh1 Bxf3 21. Qxc7 Bxc7 22. gxf3 Nh4 23. Nd4 Be5 24. f4 Bxd4 25. cxd4 Nf5 26. Ra3 Rad8 27. Rd1 Rd5 28. Kg2 1/2-1/2

[Event "AZE-ch (Women)"]
[Site "Baku"]
[Date "2024.02.16"]
[Round "6"]
[White "Hajiyeva, Laman"]
[Black "Abdinova, Narmin"]
[Result "1-0"]
[WhiteElo "2121"]
[BlackElo "2061"]
[PlyCount "55"]
[EventDate "2024.02.11"]
[EventType "swiss"]
[EventRounds "7"]
[EventCountry "AZE"]
[SourceTitle "CB09_2024"]
[SourceDate "2024.02.28"]
[SourceVersion "1"]
[SourceVersionDate "2024.02.28"]
[SourceQuality "1"]

1. e4 Nf6 2. e5 Nd5 3. c4 Nb6 4. d4 d6 5. f4 dxe5 6. fxe5 Nc6 7. Be3 Bf5 8. Nc3 e6 9. Nf3 Qd7 10. Be2 0-0-0 11. 0-0 Bg4 12. c5 Nd5 13. Nxd5 Qxd5 14. b4 f6 15. exf6 gxf6 16. b5 Qe4 17. Qb3 Nxd4 18. Nxd4 Bxe2 19. Rf4 Qe5 20. Rc1 Rxd4 21. Bxd4 Bxc5 22. Bxc5 Qxf4 23. Be3 Qe4 24. b6 Rg8 25. g3 axb6 26. Bxb6 c6 27. Re1 Qd3 28. Qxe6+ 1-0

[Event "Wch Blitz (Women)"]
[Site "Samarkand"]
[Date "2023.12.30"]
[Round "10"]
[White "Fataliyeva, Ulviyya Hasil Qizi"]
[Black "Hajiyeva, Laman"]
[Result "1-0"]
[WhiteElo "2384"]
[BlackElo "2094"]
[PlyCount "59"]
[EventDate "2023.12.29"]
[EventType "swiss (blitz)"]
[EventRounds "17"]
[EventCountry "UZB"]
[SourceTitle "CB01_2024"]
[SourceDate "2024.01.03"]
[SourceVersion "1"]
[SourceVersionDate "2024.01.03"]
[SourceQuality "1"]

1. d4 d5 2. Nf3 Nf6 3. c3 Bf5 4. Qb3 Qc8 5. Bf4 e6 6. h3 h6 7. Nbd2 Be7 8. e3 Nbd7 9. Be2 0-0 10. 0-0 c5 11. c4 b6 12. Ne5 Rd8 13. Rac1 Nxe5 14. Bxe5 Qd7 15. Rfd1 Rac8 16. cxd5 exd5 17. Ba6 Ra8 18. dxc5 bxc5 19. Nf3 Be4 20. Nd2 c4 21. Nxc4 dxc4 22. Rxd7 cxb3 23. Rxe7 bxa2 24. Ra1 Rd1+ 25. Rxd1 Bb1 26. b4 Ne4 27. Bc4 Rc8 28. Bxf7+ Kf8 29. Rxa7 g5 30. Bxa2 1-0

[Event "Wch Blitz (Women)"]
[Site "Samarkand"]
[Date "2023.12.29"]
[Round "1"]
[White "Hajiyeva, Laman"]
[Black "Cori Tello, Deysi Estella"]
[Result "1/2-1/2"]
[WhiteElo "2094"]
[BlackElo "2389"]
[PlyCount "69"]
[EventDate "2023.12.29"]
[EventType "swiss (blitz)"]
[EventRounds "17"]
[EventCountry "UZB"]
[SourceTitle "CB01_2024"]
[SourceDate "2024.01.03"]
[SourceVersion "1"]
[SourceVersionDate "2024.01.03"]
[SourceQuality "1"]

1. e4 g6 2. d4 Bg7 3. Nc3 d6 4. Be3 a6 5. Qd2 Nd7 6. h4 h5 7. 0-0-0 b5 8. f3 Bb7 9. Nh3 Rc8 10. Ng5 c5 11. e5 Nf8 12. exd6 Qxd6 13. dxc5 Qxd2+ 14. Rxd2 Bxc3 15. bxc3 f6 16. Ne4 Bxe4 17. fxe4 Ne6 18. Rd5 Nh6 19. Be2 Ng4 20. Bxg4 hxg4 21. g3 Kf7 22. Rhd1 Rc6 23. Kb2 Rhc8 24. h5 Nxc5 25. hxg6+ Kxg6 26. Bxc5 Rxc5 27. Rxc5 Rxc5 28. Rd8 Re5 29. Rg8+ Kh5 30. Rh8+ Kg5 31. Rg8+ Kh5 32. Rh8+ Kg6 33. Rg8+ Kh5 34. Rh8+ Kg5 35. Rg8+ 1/2-1/2

[Event "EU-ch (Women) 23rd"]
[Site "Petrovac"]
[Date "2023.03.21"]
[Round "4"]
[White "Garcia Martin, Marta"]
[Black "Hajiyeva, Laman"]
[Result "1-0"]
[WhiteElo "2306"]
[BlackElo "2118"]
[PlyCount "71"]
[EventDate "2023.03.18"]
[EventType "swiss"]
[EventRounds "11"]
[EventCountry "MNE"]
[SourceTitle "CBM 213 Extra"]
[Source "ChessBase"]
[SourceDate "2023.05.31"]
[SourceVersion "1"]
[SourceVersionDate "2023.05.31"]
[SourceQuality "1"]

1. e4 e6 2. d4 d5 3. e5 c5 4. c3 Qb6 5. Nf3 Nc6 6. a3 Nh6 7. Bd3 cxd4 8. 0-0 Bd7 9. b4 Ng4 10. Qe2 dxc3 11. Nxc3 d4 12. Na4 Qc7 13. Bf4 f6 14. Rac1 Qb8 15. Bg3 Ncxe5 16. Nxe5 Nxe5 17. Qh5+ Kd8 18. Nc5 Bxc5 19. Rxc5 Nxd3 20. Bxb8 Nxc5 21. Qxc5 Rxb8 22. Qxd4 Ke7 23. Qc5+ Kf7 24. Qc7 Rhd8 25. Rd1 Ke8 26. h4 Bc6 27. Rxd8+ Rxd8 28. Qxg7 Rd1+ 29. Kh2 Rd7 30. Qg8+ Ke7 31. Qxh7+ Kd6 32. Qh8 Ke5 33. h5 Be4 34. f3 Bb1 35. Qb8+ Kd5 36. Qc8 1-0

[Event "AZE-ch (Women)"]
[Site "Baku"]
[Date "2023.02.13"]
[Round "10"]
[White "Hajiyeva, Laman"]
[Black "Mammadova, Gulnar Marfat Qizi"]
[Result "1/2-1/2"]
[WhiteElo "2135"]
[BlackElo "2376"]
[PlyCount "96"]
[EventDate "2023.02.04"]
[EventType "tourn"]
[EventRounds "11"]
[EventCountry "AZE"]
[SourceTitle "CBM 212 Extra"]
[Source "ChessBase"]
[SourceDate "2023.03.31"]
[SourceVersion "1"]
[SourceVersionDate "2023.03.31"]
[SourceQuality "1"]

1. e4 c5 2. c3 d5 3. exd5 Nf6 4. Bb5+ Nbd7 5. d4 a6 6. Be2 Nxd5 7. Nf3 e6 8. c4 N5f6 9. Nc3 Qc7 10. 0-0 Bd6 11. dxc5 Bxc5 12. Rb1 0-0 13. b4 Bd6 14. c5 Be7 15. Qd4 b6 16. Bf4 bxc5 17. Bxc7 cxd4 18. Nxd4 Bb7 19. Ba5 Rfc8 20. Rbc1 Ne5 21. Rfd1 Nc4 22. Bxc4 Rxc4 23. Na4 Rxc1 24. Rxc1 Rc8 25. Rxc8+ Bxc8 26. Nc5 Kf8 27. Nc6 e5 28. Na7 Be6 29. Nxa6 Bxa2 30. b5 Bd5 31. Nc8 Nd7 32. Bb4 Bxb4 33. Nxb4 Bb7 34. Nd6 Nc5 35. Nc6 Bxc6 36. bxc6 Na6 37. Nb5 Ke7 38. c7 Kd7 39. c8Q+ Kxc8 40. Nd6+ Kd7 41. Nxf7 Ke6 42. Ng5+ Kf5 43. Nxh7 g5 44. h3 Nc5 45. g3 Kg6 46. Nxg5 Kxg5 47. f4+ exf4 48. gxf4+ Kxf4 1/2-1/2

[Event "AZE-ch (Women)"]
[Site "Baku"]
[Date "2023.02.09"]
[Round "6"]
[White "Hajiyeva, Laman"]
[Black "Balajayeva, Khanim Asad Qizi"]
[Result "1/2-1/2"]
[WhiteElo "2135"]
[BlackElo "2379"]
[PlyCount "116"]
[EventDate "2023.02.04"]
[EventType "tourn"]
[EventRounds "11"]
[EventCountry "AZE"]
[SourceTitle "CBM 212 Extra"]
[Source "ChessBase"]
[SourceDate "2023.03.31"]
[SourceVersion "1"]
[SourceVersionDate "2023.03.31"]
[SourceQuality "1"]

1. e4 e5 2. Nf3 Nc6 3. Bc4 Bc5 4. c3 Nf6 5. d4 exd4 6. e5 d5 7. Bb5 Ne4 8. cxd4 Bb6 9. Nc3 0-0 10. Be3 Bg4 11. h3 Bh5 12. Qc2 Nxc3 13. bxc3 f6 14. exf6 Qxf6 15. Be2 Na5 16. 0-0 Bxf3 17. Bxf3 c6 18. Rae1 Nc4 19. Bc1 Bc7 20. Be2 h6 21. g3 Rae8 22. Kg2 Re7 23. Bh5 b5 24. h4 a5 25. Qg6 Rxe1 26. Qxf6 Rxf6 27. Rxe1 b4 28. cxb4 axb4 29. Re8+ Rf8 30. Re6 Bb6 31. Rxc6 Bxd4 32. f4 Ra8 33. Kh3 Rxa2 34. Rc8+ Kh7 35. f5 Ne5 36. Bf4 Ra6 37. Bxe5 Bxe5 38. Bg6+ Rxg6 39. fxg6+ Kxg6 40. g4 b3 41. Rc6+ Kf7 42. Rb6 b2 43. Kg2 Ke7 44. Kf3 Kd7 45. Ke2 Kc7 46. Rb3 Kc6 47. Kd3 Kc5 48. Rb7 Bf6 49. h5 Kd6 50. Rb6+ Ke5 51. Rxb2 Kf4 52. Rb4+ d4 53. Rb5 Kxg4 54. Ke4 Bg5 55. Rb7 Bf6 56. Rb5 Bg5 57. Rb7 Bf6 58. Rb5 Bg5 1/2-1/2

[Event "AZE-ch (Women)"]
[Site "Baku"]
[Date "2023.02.07"]
[Round "4"]
[White "Hajiyeva, Laman"]
[Black "Allahverdiyeva, Ayan"]
[Result "0-1"]
[WhiteElo "2135"]
[BlackElo "2060"]
[PlyCount "68"]
[EventDate "2023.02.04"]
[EventType "tourn"]
[EventRounds "11"]
[EventCountry "AZE"]
[SourceTitle "CBM 212 Extra"]
[Source "ChessBase"]
[SourceDate "2023.03.31"]
[SourceVersion "1"]
[SourceVersionDate "2023.03.31"]
[SourceQuality "1"]

1. e4 c5 2. c3 Nf6 3. e5 Nd5 4. Nf3 d6 5. d4 cxd4 6. cxd4 Nc6 7. Bc4 Nb6 8. Bb3 dxe5 9. d5 Na5 10. Nc3 Nxb3 11. Qxb3 e6 12. Nxe5 Be7 13. Qb5+ Kf8 14. Be3 Nxd5 15. Rd1 Qc7 16. Nxd5 Qxe5 17. Nc3 Qxb5 18. Nxb5 b6 19. 0-0 f6 20. Rc1 Bd7 21. Nc7 Rd8 22. a4 Kf7 23. a5 bxa5 24. Bxa7 Rc8 25. b3 a4 26. bxa4 Bxa4 27. Bb6 Rb8 28. Ba5 Rhc8 29. Ra1 Bb3 30. Rfc1 Bd6 31. Rc6 Ke7 32. Rac1 Kd7 33. g3 Rb7 34. R1c3 Bd5 0-1

[Event "Wch Blitz (Women)"]
[Site "Almaty"]
[Date "2022.12.30"]
[Round "14"]
[White "Hajiyeva, Laman"]
[Black "Lu, Miaoyi"]
[Result "1-0"]
[WhiteElo "2038"]
[BlackElo "2168"]
[PlyCount "64"]
[EventDate "2022.12.29"]
[EventType "swiss (blitz)"]
[EventRounds "17"]
[EventCountry "KAZ"]
[SourceTitle "CBM 211 Extra"]
[Source "ChessBase"]
[SourceDate "2023.01.31"]
[SourceVersion "1"]
[SourceVersionDate "2023.01.31"]
[SourceQuality "1"]

1. e4 c5 2. c3 Nf6 3. e5 Nd5 4. Nf3 Nc6 5. d4 cxd4 6. cxd4 d6 7. Bc4 Nb6 8. Bb3 dxe5 9. d5 Na5 10. Nc3 Bg4 11. Be3 Nxb3 12. Qxb3 Bxf3 13. gxf3 g6 14. Bxb6 axb6 15. Qb5+ Qd7 16. Qxb6 Bg7 17. 0-0 0-0 18. Rfd1 Ra6 19. Qe3 Qh3 20. Ne4 Bh6 21. Qe2 f5 22. Ng3 f4 23. Qf1 Qh4 24. Ne4 Rf5 25. d6 Rh5 26. Qc4+ Kg7 27. d7 Qxh2+ 28. Kf1 Rb6 29. d8Q Qh3+ 30. Ke2 Rxb2+ 31. Rd2 Rxd2+ 32. Nxd2 Bg5 1-0

[Event "Wch Blitz (Women)"]
[Site "Almaty"]
[Date "2022.12.30"]
[Round "16"]
[White "Maltsevskaya, Aleksandra"]
[Black "Hajiyeva, Laman"]
[Result "1-0"]
[WhiteElo "2296"]
[BlackElo "2038"]
[PlyCount "63"]
[EventDate "2022.12.29"]
[EventType "swiss (blitz)"]
[EventRounds "17"]
[EventCountry "KAZ"]
[SourceTitle "CBM 211 Extra"]
[Source "ChessBase"]
[SourceDate "2023.01.31"]
[SourceVersion "1"]
[SourceVersionDate "2023.01.31"]
[SourceQuality "1"]

1. e4 c6 2. d4 d5 3. e5 Bf5 4. c4 e6 5. h4 h5 6. Nc3 Ne7 7. Nge2 dxc4 8. Ng3 Bg6 9. Bxc4 Nd5 10. Bg5 Qa5 11. 0-0 Nxc3 12. bxc3 Qxc3 13. Rc1 Qa3 14. d5 exd5 15. Bxd5 Be7 16. Bb3 Bxg5 17. hxg5 h4 18. Ne2 Qe7 19. e6 fxe6 20. Nf4 Bf5 21. Nxe6 Bxe6 22. Bxe6 Nd7 23. Bxd7+ Qxd7 24. Re1+ Kd8 25. Qa4 Kc8 26. Red1 Qe6 27. Qf4 h3 28. Rd6 Qe8 29. Qf5+ Kc7 30. Re6 Qh5 31. Qe5+ Kc8 32. Re7 1-0

[Event "Wch Blitz (Women)"]
[Site "Almaty"]
[Date "2022.12.29"]
[Round "1"]
[White "Hajiyeva, Laman"]
[Black "Fataliyeva, Ulviyya Hasil Qizi"]
[Result "0-1"]
[WhiteElo "2038"]
[BlackElo "2322"]
[PlyCount "46"]
[EventDate "2022.12.29"]
[EventType "swiss (blitz)"]
[EventRounds "17"]
[EventCountry "KAZ"]
[SourceTitle "CBM 211 Extra"]
[Source "ChessBase"]
[SourceDate "2023.01.31"]
[SourceVersion "1"]
[SourceVersionDate "2023.01.31"]
[SourceQuality "1"]

1. e4 e6 2. d3 d5 3. Nd2 Nc6 4. Ngf3 e5 5. Be2 Nf6 6. 0-0 Bc5 7. h3 h6 8. c3 a5 9. exd5 Qxd5 10. d4 exd4 11. Bc4 Qd8 12. Re1+ Be7 13. Nxd4 Nxd4 14. cxd4 0-0 15. Nf3 c6 16. Ne5 Nd5 17. Qf3 Bb4 18. Rd1 Be6 19. a3 Bd6 20. Bd3 Qf6 21. Qe4 g6 22. Bxh6 Rfe8 23. Qf4 Nxf4 0-1

[Event "Wch Blitz (Women)"]
[Site "Almaty"]
[Date "2022.12.29"]
[Round "7"]
[White "Hajiyeva, Laman"]
[Black "Samaganova, Alexandra"]
[Result "1-0"]
[WhiteElo "2038"]
[BlackElo "1864"]
[PlyCount "93"]
[EventDate "2022.12.29"]
[EventType "swiss (blitz)"]
[EventRounds "17"]
[EventCountry "KAZ"]
[SourceTitle "CBM 211 Extra"]
[Source "ChessBase"]
[SourceDate "2023.01.31"]
[SourceVersion "1"]
[SourceVersionDate "2023.01.31"]
[SourceQuality "1"]

1. d4 Nf6 2. c4 e6 3. Nc3 Bb4 4. e3 b6 5. Bd3 Bb7 6. f3 c5 7. Nge2 0-0 8. 0-0 cxd4 9. exd4 d5 10. Bg5 Be7 11. Qd2 Nc6 12. Rad1 Nb4 13. cxd5 Nxd3 14. Qxd3 Nxd5 15. Bd2 Qd7 16. a3 Rfd8 17. Ne4 h6 18. Nf4 Rac8 19. Nh5 Bc6 20. Qb1 Bb5 21. Rfe1 Ba4 22. b3 Bb5 23. a4 Ba6 24. Kh1 Qc6 25. Rc1 Qd7 26. Qb2 Rxc1 27. Rxc1 Rc8 28. Rxc8+ Qxc8 29. Nhg3 Bd3 30. Nc3 Nb4 31. Nge4 Ba6 32. Qb1 Bd3 33. Qe1 Bc2 34. Qg3 Kf8 35. Qe5 f6 36. Qg3 Bxb3 37. Qg6 e5 38. Qh7 Bg8 39. Qg6 exd4 40. Bxh6 gxh6 41. Qxh6+ Ke8 42. Nb5 Nd3 43. Nbd6+ Bxd6 44. Nxd6+ Kd7 45. Nxc8 Kxc8 46. Qf8+ Kd7 47. Qxg8 1-0

[Event "Wch Blitz (Women)"]
[Site "Almaty"]
[Date "2022.12.29"]
[Round "5"]
[White "Hajiyeva, Laman"]
[Black "Savitha Shri, B."]
[Result "0-1"]
[WhiteElo "2038"]
[BlackElo "2311"]
[PlyCount "92"]
[EventDate "2022.12.29"]
[EventType "swiss (blitz)"]
[EventRounds "17"]
[EventCountry "KAZ"]
[SourceTitle "CBM 211 Extra"]
[Source "ChessBase"]
[SourceDate "2023.01.31"]
[SourceVersion "1"]
[SourceVersionDate "2023.01.31"]
[SourceQuality "1"]

1. e4 c5 2. c3 d5 3. exd5 Qxd5 4. d4 Nf6 5. Nf3 Bg4 6. Nbd2 e6 7. Bc4 Qd8 8. Qa4+ Nbd7 9. Ne5 a6 10. Nxg4 Nxg4 11. Qd1 Ngf6 12. 0-0 cxd4 13. cxd4 Bd6 14. Nf3 0-0 15. Qe2 Rc8 16. Bg5 Qa5 17. a3 h6 18. Bh4 Qh5 19. Bg3 Bxg3 20. fxg3 Ng4 21. Bd3 Ngf6 22. Rae1 Qd5 23. Qe3 Ng4 24. Qf4 Ngf6 25. Ne5 Nxe5 26. Rxe5 Qd6 27. Bb1 Rfd8 28. Rd1 Qb6 29. Re2 Rc4 30. Red2 Rc7 31. g4 Rcd7 32. h4 Rd5 33. Kh2 Qb5 34. Ba2 R5d7 35. g5 hxg5 36. hxg5 Nh7 37. g6 Qh5+ 38. Kg1 Qxg6 39. Bb1 Qh5 40. Qe3 Nf6 41. Qf4 Ng4 42. Be4 e5 43. dxe5 Rxd2 44. Rxd2 Rxd2 45. Qxd2 Qh4 46. Qc2 Qe1# 0-1

[Event "Wch Blitz (Women)"]
[Site "Almaty"]
[Date "2022.12.29"]
[Round "9"]
[White "Hajiyeva, Laman"]
[Black "Schulze, Lara"]
[Result "1-0"]
[WhiteElo "2038"]
[BlackElo "2166"]
[PlyCount "49"]
[EventDate "2022.12.29"]
[EventType "swiss (blitz)"]
[EventRounds "17"]
[EventCountry "KAZ"]
[SourceTitle "CBM 211 Extra"]
[Source "ChessBase"]
[SourceDate "2023.01.31"]
[SourceVersion "1"]
[SourceVersionDate "2023.01.31"]
[SourceQuality "1"]

1. e4 c5 2. c3 d5 3. exd5 Qxd5 4. d4 Nf6 5. Nf3 Bf5 6. Be3 cxd4 7. Nxd4 Nc6 8. Na3 Nxd4 9. cxd4 e6 10. Qa4+ Nd7 11. Nb5 Rc8 12. Nc3 Qd6 13. Be2 a6 14. 0-0 Be7 15. Rac1 0-0 16. Rfd1 Nb6 17. Qb3 Qb4 18. Qxb4 Bxb4 19. Bf3 Rc7 20. d5 Bxc3 21. Bxb6 Rc4 22. Rxc3 Rb4 23. Bc5 Rxb2 24. Bxf8 Kxf8 25. d6 1-0

[Event "Wch Rapid (Women)"]
[Site "Almaty"]
[Date "2022.12.28"]
[Round "9"]
[White "Hajiyeva, Laman"]
[Black "Beydullayeva, Govhar"]
[Result "1-0"]
[WhiteElo "1996"]
[BlackElo "2256"]
[PlyCount "117"]
[EventDate "2022.12.26"]
[EventType "swiss (rapid)"]
[EventRounds "11"]
[EventCountry "KAZ"]
[SourceTitle "CBM 211 Extra"]
[Source "ChessBase"]
[SourceDate "2023.01.31"]
[SourceVersion "1"]
[SourceVersionDate "2023.01.31"]
[SourceQuality "1"]

1. e4 c5 2. c3 d5 3. exd5 Nf6 4. Qa4+ Nbd7 5. Qb3 g6 6. Nf3 Bg7 7. Be2 0-0 8. 0-0 b6 9. c4 Bb7 10. Nc3 e6 11. dxe6 fxe6 12. d4 cxd4 13. Nxd4 Nc5 14. Qd1 Qe7 15. Nb3 Rad8 16. Qc2 Nce4 17. Nd1 Nd6 18. Bg5 h6 19. Bd2 Nf5 20. Nc3 Nh4 21. f3 Nh5 22. Ne4 Nf5 23. a4 Be5 24. Nf2 Nf4 25. Bxf4 Bxf4 26. Nh3 Be5 27. Rfe1 Qf6 28. Bd3 Bxb2 29. Ra2 Bd4+ 30. Kh1 Ne3 31. Qe2 Nxg2 32. Qxe6+ Qxe6 33. Rxe6 Nh4 34. Be4 Rxf3 35. Nxd4 Rf1+ 36. Ng1 Rxd4 37. Bxb7 Rdd1 38. h3 Rxg1+ 39. Kh2 Rge1 40. Rxe1 Rxe1 41. a5 Rb1 42. a6 Nf5 43. Rd2 Rc1 44. Rd7 Rc2+ 45. Kg1 Rc1+ 46. Kf2 Rc2+ 47. Ke1 Ne3 48. Bd5+ Kf8 49. Rxa7 Ra2 50. Ra8+ Ke7 51. a7 Nc2+ 52. Kf1 Ne3+ 53. Kg1 Ra1+ 54. Kf2 Nxd5 55. cxd5 Kd6 56. Rd8+ Kc5 57. a8Q Rxa8 58. Rxa8 Kxd5 59. Rg8 1-0

[Event "Wch Rapid (Women)"]
[Site "Almaty"]
[Date "2022.12.27"]
[Round "7"]
[White "Balajayeva, Khanim Asad Qizi"]
[Black "Hajiyeva, Laman"]
[Result "1/2-1/2"]
[WhiteElo "2284"]
[BlackElo "1996"]
[PlyCount "71"]
[EventDate "2022.12.26"]
[EventType "swiss (rapid)"]
[EventRounds "11"]
[EventCountry "KAZ"]
[SourceTitle "CBM 211 Extra"]
[Source "ChessBase"]
[SourceDate "2023.01.31"]
[SourceVersion "1"]
[SourceVersionDate "2023.01.31"]
[SourceQuality "1"]

1. e4 c6 2. d4 d5 3. exd5 cxd5 4. Bd3 Nc6 5. c3 Nf6 6. h3 g6 7. Nf3 Bf5 8. 0-0 Bxd3 9. Qxd3 e6 10. Re1 Qc7 11. Be3 Bg7 12. Nbd2 0-0 13. Re2 a6 14. a4 Rab8 15. Rae1 b5 16. axb5 axb5 17. b4 Nd7 18. Nb3 Na7 19. g3 Ra8 20. Bf4 Qc4 21. Qc2 Rfc8 22. Rc1 Nc6 23. Qb2 Qd3 24. Kg2 Nb6 25. Nc5 Qf5 26. Qd2 Nc4 27. Qe1 h6 28. h4 Ra3 29. Nd2 Rca8 30. Nxc4 dxc4 31. Rec2 g5 32. hxg5 hxg5 33. Bd2 g4 34. Qe4 Qf3+ 35. Qxf3 gxf3+ 36. Kf1 1/2-1/2

[Event "Wch Rapid (Women)"]
[Site "Almaty"]
[Date "2022.12.27"]
[Round "8"]
[White "Injac, Teodora"]
[Black "Hajiyeva, Laman"]
[Result "1-0"]
[WhiteElo "2333"]
[BlackElo "1996"]
[PlyCount "85"]
[EventDate "2022.12.26"]
[EventType "swiss (rapid)"]
[EventRounds "11"]
[EventCountry "KAZ"]
[SourceTitle "CBM 211 Extra"]
[Source "ChessBase"]
[SourceDate "2023.01.31"]
[SourceVersion "1"]
[SourceVersionDate "2023.01.31"]
[SourceQuality "1"]

1. Nf3 d5 2. g3 Nf6 3. Bg2 g6 4. 0-0 Bg7 5. d4 0-0 6. c4 c6 7. a4 a5 8. Na3 Na6 9. cxd5 cxd5 10. Qb3 Ne4 11. Bf4 Nb4 12. Nb5 Bd7 13. Bc7 Qe8 14. Bxa5 Rxa5 15. Qxb4 Rxb5 16. axb5 Bxb5 17. Rfe1 e6 18. e3 f5 19. Rec1 Bc6 20. Ne5 Bxe5 21. dxe5 Qb8 22. Qd4 h5 23. h4 Qd8 24. Ra7 Rf7 25. Rca1 Kg7 26. Qb4 Qc7 27. Qd4 Bb5 28. Qd1 Qc5 29. R7a5 Qc6 30. Qc1 Qb6 31. Bf1 Bxf1 32. Qxf1 Qxb2 33. Rb5 Qc2 34. Rc1 Qa4 35. Rb6 Re7 36. Qb5 Qa2 37. Qb2 Qa8 38. Kg2 f4 39. exf4 Qa7 40. Ra1 Qb8 41. Qb4 Rc7 42. Rxe6 Qd8 43. Qb6 1-0